[Event "Zagreb GP U16"]
[Site "Zagreb"]
[Date "2013.05.28"]
[Round "4"]
[White "Novak, Bruna"]
[Black "Benkovic, Karlo"]
[Result "0-1"]
[WhiteElo "1601"]
[BlackElo "1600"]
[PlyCount "106"]
[EventDate "2013.05.26"]
[EventType "swiss"]
[EventRounds "6"]
[EventCountry "CRO"]
[SourceTitle "CBM 154 Extra"]
[Source "ChessBase"]
[SourceDate "2013.06.25"]
[SourceVersion "2"]
[SourceVersionDate "2013.06.25"]
[SourceQuality "1"]

1. e4 e5 2. Qh5 Nf6 3. Qxe5+ Be7 4. Bc4 0-0 5. Bd3 d6 6. Qg3 g6 7. Nf3 Bg4 8. 0-0 Nc6 9. h3 Bxf3 10. Qxf3 Nd4 11. Qe3 c5 12. c3 Ne6 13. c4 Nd4 14. Na3 Qa5 15. f4 Qa4 16. e5 Nc2 17. Nxc2 dxe5 18. fxe5 Nd7 19. b3 Qc6 20. Bb2 Rae8 21. e6 Nf6 22. Rxf6 Bxf6 23. Bxf6 Rxe6 24. Be4 Rxe4 25. Qf3 Rfe8 26. Re1 Rxe1+ 27. Nxe1 Rxe1+ 28. Kf2 Qxf3+ 29. gxf3 Re6 30. Bc3 a5 31. Bxa5 Ra6 32. Bc3 Rxa2 33. Ke3 Ra3 34. d4 Rxb3 35. Kd3 cxd4 36. Kxd4 b5 37. c5 Ra3 38. Bb4 Ra4 39. c6 Rxb4+ 40. Kd5 Kf8 41. Kc5 Rc4+ 42. Kxb5 Rxc6 43. Kxc6 f5 44. f4 Kf7 45. Kc5 Kf6 46. Kd4 g5 47. fxg5+ Kxg5 48. Ke5 h5 49. h4+ Kg4 50. Ke6 f4 51. Ke5 f3 52. Kf6 f2 53. Kg6 f1Q 0-1

[Event "Zagreb GP U16"]
[Site "Zagreb"]
[Date "2013.05.26"]
[Round "1"]
[White "Benkovic, Karlo"]
[Black "Starcevic, Ante Leon"]
[Result "0-1"]
[WhiteElo "1600"]
[BlackElo "1695"]
[PlyCount "102"]
[EventDate "2013.05.26"]
[EventType "swiss"]
[EventRounds "6"]
[EventCountry "CRO"]
[SourceTitle "CBM 154 Extra"]
[Source "ChessBase"]
[SourceDate "2013.06.25"]
[SourceVersion "2"]
[SourceVersionDate "2013.06.25"]
[SourceQuality "1"]

1. e4 c5 2. d4 cxd4 3. Qxd4 Nc6 4. Qe3 Nf6 5. Bb5 e6 6. Nc3 a6 7. Bxc6 bxc6 8. Nf3 Be7 9. 0-0 0-0 10. Bd2 Bb7 11. Rad1 Qc7 12. g3 Rad8 13. a3 Rfe8 14. Rfe1 d5 15. exd5 Nxd5 16. Nxd5 cxd5 17. Qd4 Bf6 18. Ne5 Qxc2 19. Rc1 Qf5 20. f3 Bxe5 21. Qxe5 Qxe5 22. Rxe5 d4 23. Ba5 Rc8 24. Rxc8 Rxc8 25. Re1 Bxf3 26. Kf2 Bd5 27. Rd1 Rc2+ 28. Ke1 Rxh2 29. Rc1 Rh1+ 30. Kd2 Rxc1 31. Kxc1 Bb7 32. Kd2 e5 33. Kd3 Bd5 34. b4 f6 35. a4 Bc6 36. b5 axb5 37. axb5 Bxb5+ 38. Ke4 g6 39. Bb4 Kf7 40. Kf3 Bc6+ 41. Ke2 Be4 42. Bd2 Ke6 43. Ke1 Kf5 44. Bf4 exf4 45. gxf4 Kxf4 46. Kd1 Ke3 47. Ke1 Ba8 48. Kd1 d3 49. Ke1 d2+ 50. Kd1 Bf3+ 51. Kc2 d1Q+ 0-1